Statistics for Reptiles & Amphibians - Big and small

Click here to take the quiz!

General Stats

  • This quiz has been taken 24 times
    (20 since last reset)
  • The average score is 4 of 15

Answer Stats

HintAnswer% Correct
Biggest snakeAnaconda
93%
Biggest reptileEstuarine crocodile
64%
Biggest lizardKomodo dragon
64%
Biggest crocodileEstuarine crocodile
50%
Smallest snakeBarbados threadsnake
29%
Biggest tortoiseGàlapagos tortoise
29%
Biggest amphibianGiant salamander
7%
Biggest salamanderGiant salamander
7%
Biggest frogGoliath frog
7%
Smallest lizardJaragua lizard
7%
Smallest amphibian (and also smallest vertebrate)Paedophryne amauensis
7%
Smallest newtDesmognathus wrighti
0%
Biggest newtGreat crested newt
0%
Smallest frogPaedophryne amauensis
0%
Smallest salamanderPygmy salamander
0%

Score Distribution

Percentile by Number Answered

Percent of People with Each Score

Your Score History

You have not taken this quiz since the last reset